00398nam a2200145Ia 4500003000400000005001700004008004100021040000900062082001500071100003100086245006100117260004400178300000900222650002100231OSt20201127152039.0190216s9999||||xx |||||||||||||| ||und|| coclc a920bPUR/S aPurushothaman, Cherukunnam 0aSarveppalli Radhakrishnan /cCherukunnam Purushothaman  bPoorna Publication,a Kozhikode;c1991. a158p aJeeva Charithram